Statistics for Top 20 infielders in the MLB

Click here to take the quiz!

General Stats

  • This quiz has been taken 14 times
  • The average score is 17 of 20

Answer Stats

HintAnswer% Correct
CubsDansby Swanson
100%
DodgersFreddie Freeman
100%
CardinalsNolan Arenado
100%
CardinalsPaul Goldschmidt
100%
MetsFrancisco Lindor
91%
AstrosJose Altuve
91%
PadresManny Machado
91%
Red SoxRafael Devers
91%
PhilliesTrea Turner
91%
Blue JaysVladimir Guerrero Jr.
91%
AstrosAlex Bregman
82%
BravesAustin Riley
82%
TwinsCarlos Correa
82%
PadresFernando Tatis Jr.
82%
GuardiansJose Ramirez
82%
BravesOzzie Albies
82%
MarlinsJazz Chisholm Jr.
73%
AstrosJeremy Pena
64%
PhilliesJT Realmuto
45%
PadresXander Bogaerts
45%

Score Distribution

Percentile by Number Answered

Percent of People with Each Score

Your Score History

You have not taken this quiz